000
00198nam a22000857a 4500
999
_c
11142
_d
11142
008
180922b ||||| |||| 00| 0 eng d
100
_a
Shurthi
_9
6906
245
_a
Chuha Saat Poocho
260
_a
New Delhi